|
|
|
|
| LEADER |
00000nam a22000007a 4500 |
| 005 |
20220504210252.0 |
| 007 |
cr|||| |||| |
| 008 |
220504s2021 br |||||s|||| 00||0 por d |
| 020 |
|
|
|a 978-65-86060-22-5
|
| 035 |
|
|
|a 36271
|
| 040 |
|
|
|a vLex
|
| 090 |
|
|
|c 13277
|d 13277
|
| 100 |
1 |
|
|a Fossati, Gustavo
|
| 245 |
1 |
0 |
|a Tributaȯ̂ da economia digital na esfera federal
|h [Recurso electrn̤ico] /
|c Gustavo Fossati, Guilherme Navarro
|n Volume 1
|
| 256 |
|
|
|a Servicio en ln̕ea
|
| 260 |
|
|
|a Rio de Janeiro:
|b FGV - Direito Rio,
|c 2021
|
| 300 |
|
|
|a 1 recurso electrn̤ico
|
| 506 |
1 |
|
|a Disponible solo en los productos indicados
|d vLex Global
|d vLex Global (Academic Edition, excluding Law Schools)
|d vLex Global (U.S. Academic Edition, Law Schools)
|d vLex Global (U.S. Academic Edition, excluding Law Schools)
|d vLex Global (Academic Edition, Law Schools)
|
| 650 |
0 |
4 |
|a Derecho Fiscal
|z Brasil
|
| 700 |
1 |
|
|a Navarro, Guilherme
|
| 740 |
0 |
|
|a vLex Libros (Servicio en ln̕ea)
|
| 856 |
4 |
0 |
|u https://app.vlex.com/#/sources/36271
|z Acceso restringido
|
| 942 |
|
|
|c BOOK
|
| 999 |
0 |
|
|a Tax Law
|